[Event "Ruhrgebiet Verbandsklasse Gruppe 2 1819"]
[Site "Nordrheinwestfalen"]
[Date "2018.12.02"]
[Round "4.5"]
[White "Spaeh, Jan Lukas"]
[Black "Schulte, Eduard"]
[Result "0-1"]
[WhiteElo "1812"]
[BlackElo "1740"]
[PlyCount "46"]
[EventDate "2018.09.23"]
[EventType "team-tourn"]
[EventRounds "9"]
[EventCountry "GER"]
[SourceTitle "EXT 2022"]
[Source "ChessBase"]
[SourceDate "2021.10.06"]
[SourceVersion "1"]
[SourceVersionDate "2021.10.06"]
[SourceQuality "1"]
[WhiteTeam "Kamen SV II"]
[BlackTeam "Marten Boevinghausen"]
[WhiteTeamCountry "GER"]
[BlackTeamCountry "GER"]

1. d4 d5 2. Bf4 Bf5 3. e3 e6 4. c4 Bd6 5. Bxd6 Qxd6 6. Nc3 c6 7. Nf3 Nd7 8. Nh4 Bg6 9. cxd5 exd5 10. Nxg6 hxg6 11. g3 f5 12. Rb1 Ngf6 13. b4 Kf7 14. Bg2 Ng4 15. h3 Nxe3 16. fxe3 Qxg3+ 17. Kf1 Rae8 18. Ne2 Qxe3 19. b5 Nf6 20. Rb3 Qe7 21. Nf4 Ne4 22. Kg1 Qh4 23. Nd3 Nc3 0-1

[Event "Ruhrgebiet Verbandsklasse Gruppe 2 1819"]
[Site "Nordrheinwestfalen"]
[Date "2018.11.04"]
[Round "3.5"]
[White "Bauriedel, Friedrich"]
[Black "Schulte, Eduard"]
[Result "1/2-1/2"]
[WhiteElo "1838"]
[BlackElo "1740"]
[PlyCount "41"]
[EventDate "2018.09.23"]
[EventType "team-tourn"]
[EventRounds "9"]
[EventCountry "GER"]
[SourceTitle "EXT 2022"]
[Source "ChessBase"]
[SourceDate "2021.10.06"]
[SourceVersion "1"]
[SourceVersionDate "2021.10.06"]
[SourceQuality "1"]
[WhiteTeam "Kupferdreh Germania"]
[BlackTeam "Marten Boevinghausen"]
[WhiteTeamCountry "GER"]
[BlackTeamCountry "GER"]

1. d4 d5 2. e3 Bf5 3. Bd3 Bg6 4. f4 e6 5. Nf3 Nf6 6. 0-0 c6 7. Qe2 Bxd3 8. Qxd3 Ne4 9. Nbd2 f5 10. c4 Nd7 11. b3 Be7 12. Bb2 0-0 13. Rac1 Ndf6 14. Ne5 Nxd2 15. Qxd2 Bd6 16. Qe2 a6 17. Rc2 Ne4 18. Bc3 Bxe5 19. fxe5 Rf7 20. cxd5 cxd5 21. Rfc1 1/2-1/2

[Event "Ruhrgebiet Verbandsklasse Gruppe 2 1819"]
[Site "Nordrheinwestfalen"]
[Date "2018.09.23"]
[Round "1.5"]
[White "Loeffelbein, Klaus"]
[Black "Schulte, Eduard"]
[Result "0-1"]
[WhiteElo "1847"]
[BlackElo "1740"]
[PlyCount "80"]
[EventDate "2018.09.23"]
[EventType "team-tourn"]
[EventRounds "9"]
[EventCountry "GER"]
[SourceTitle "EXT 2022"]
[Source "ChessBase"]
[SourceDate "2021.10.06"]
[SourceVersion "1"]
[SourceVersionDate "2021.10.06"]
[SourceQuality "1"]
[WhiteTeam "Gerthe Werne"]
[BlackTeam "Marten Boevinghausen"]
[WhiteTeamCountry "GER"]
[BlackTeamCountry "GER"]

1. d4 d5 2. c4 c6 3. Nf3 dxc4 4. e4 b5 5. a4 Bb7 6. b3 e6 7. bxc4 bxc4 8. Bxc4 Nf6 9. Nbd2 Nbd7 10. 0-0 Be7 11. Rb1 Rb8 12. Bd3 c5 13. dxc5 Nxc5 14. Bb5+ Kf8 15. e5 Nd5 16. Bb2 g6 17. Bd4 a6 18. Bc4 Nb6 19. Bxc5 Bxc5 20. Qe2 Nxa4 21. Rfc1 Be7 22. Nb3 Nc5 23. Nxc5 Bxc5 24. Bxe6 Be7 25. Rxb7 Rxb7 26. Rc8 Qxc8 27. Bxc8 Rb1+ 28. Qe1 Rxe1+ 29. Nxe1 a5 30. Bd7 Bb4 31. Nc2 Ke7 32. Ba4 Rd8 33. f4 Rd2 34. h3 f6 35. exf6+ Kxf6 36. g4 Bc5+ 37. Kh1 Rf2 38. f5 gxf5 39. gxf5 Rf4 40. Bd7 Rf1+ 0-1

[Event "NRW Verbandsklasse Group1 1314"]
[Site "Nordrheinwestfalen"]
[Date "2014.01.26"]
[Round "6.3"]
[White "Buechle, Manfred"]
[Black "Schulte, Eduard"]
[Result "1/2-1/2"]
[WhiteElo "1832"]
[BlackElo "1865"]
[PlyCount "20"]
[EventDate "2013.09.08"]
[EventType "team-tourn"]
[EventRounds "9"]
[EventCountry "GER"]
[SourceTitle "EXT 2020"]
[Source "ChessBase"]
[SourceDate "2019.10.17"]
[SourceVersion "1"]
[SourceVersionDate "2019.10.17"]
[SourceQuality "1"]
[WhiteTeam "Eichlinghofen SV II"]
[BlackTeam "Marten Boevinghausen"]
[WhiteTeamCountry "GER"]
[BlackTeamCountry "GER"]

1. e4 d5 2. exd5 Qxd5 3. Nf3 Bg4 4. Be2 c6 5. 0-0 e6 6. d4 Bd6 7. c4 Qf5 8. Nc3 Nd7 9. Ng5 Bxe2 10. Qxe2 Be7 1/2-1/2

[Event "Ruhrgebiet VK2 1112"]
[Site "Nordrheinwestfalen"]
[Date "2012.03.04"]
[Round "7"]
[White "Volesky, Alexander"]
[Black "Schulte, Eduard"]
[Result "0-1"]
[WhiteElo "1810"]
[BlackElo "1864"]
[PlyCount "110"]
[EventDate "2012.09.18"]
[EventType "team-tourn"]
[EventRounds "9"]
[EventCountry "GER"]
[SourceTitle "EXT 2020"]
[Source "ChessBase"]
[SourceDate "2019.10.17"]
[SourceVersion "1"]
[SourceVersionDate "2019.10.17"]
[SourceQuality "1"]
[WhiteTeam "Ahlen SV II"]
[BlackTeam "Marten Boevinghausen"]
[WhiteTeamCountry "GER"]
[BlackTeamCountry "GER"]

1. e4 d5 2. exd5 Qxd5 3. Nc3 Qa5 4. d4 Nf6 5. Bc4 c6 6. Nf3 Bg4 7. Bd2 Qc7 8. Qe2 e6 9. 0-0-0 Nbd7 10. h3 Bxf3 11. Qxf3 Nb6 12. Bb3 0-0-0 13. Bg5 Be7 14. Rhe1 Rd7 15. Kb1 Rhd8 16. Ne2 c5 17. c3 c4 18. Bc2 h6 19. Bf4 Bd6 20. Bxh6 gxh6 21. Qxf6 Bf8 22. Nf4 Nd5 23. Nxd5 Rxd5 24. f4 Rb5 25. Re5 Rb6 26. Rd2 Be7 27. Qxf7 Rxb2+ 28. Ka1 Rb6 29. Rxe6 Rxe6 30. Qxe6+ Kb8 31. Qe3 Ba3 32. Re2 Bd6 33. g3 b5 34. Bd1 a5 35. Rb2 b4 36. Bf3 Ka7 37. Qe6 Rb8 38. Qe3 Ka6 39. Be2 Qc6 40. Qe6 Rc8 41. Bxc4+ Ka7 42. Rc2 Qxc4 43. Qxd6 bxc3 44. Qe7+ Rc7 45. Qe3 Qb4 46. d5+ Ka8 47. Qf3 Kb8 48. Qd1 Kc8 49. Qd3 Kd8 50. Qe3 Rb7 51. Qc1 Rc7 52. Qb1 Qd4 53. Qb8+ Kd7 54. Qb5+ Kd8 55. Qe2 Qg1+ 0-1

[Event "Ruhrgebiet VK2 1112"]
[Site "Nordrheinwestfalen"]
[Date "2012.02.12"]
[Round "6"]
[White "Schulte, Eduard"]
[Black "Neugebauer, Thomas"]
[Result "1/2-1/2"]
[WhiteElo "1864"]
[BlackElo "1926"]
[PlyCount "41"]
[EventDate "2012.09.18"]
[EventType "team-tourn"]
[EventRounds "9"]
[EventCountry "GER"]
[SourceTitle "EXT 2020"]
[Source "ChessBase"]
[SourceDate "2019.10.17"]
[SourceVersion "1"]
[SourceVersionDate "2019.10.17"]
[SourceQuality "1"]
[WhiteTeam "Marten Boevinghausen"]
[BlackTeam "Altenessen"]
[WhiteTeamCountry "GER"]
[BlackTeamCountry "GER"]

1. b3 e5 2. Bb2 Nc6 3. e3 d6 4. Bb5 Bd7 5. Ne2 a6 6. Bxc6 Bxc6 7. 0-0 Nf6 8. f4 e4 9. Ng3 Be7 10. Nh5 Nxh5 11. Qxh5 Bf6 12. Bxf6 Qxf6 13. Nc3 0-0-0 14. a4 Rde8 15. b4 g6 16. Qa5 Qf5 17. Qxf5+ gxf5 18. Ne2 Bd7 19. Nd4 Rhg8 20. Rfb1 Rg6 21. Kf2 1/2-1/2

[Event "Ruhrgebiet VK2 1112"]
[Site "Nordrheinwestfalen"]
[Date "2011.12.11"]
[Round "4"]
[White "Schulte, Eduard"]
[Black "Schneider, Markus"]
[Result "1/2-1/2"]
[WhiteElo "1864"]
[BlackElo "1921"]
[PlyCount "90"]
[EventDate "2012.09.18"]
[EventType "team-tourn"]
[EventRounds "9"]
[EventCountry "GER"]
[SourceTitle "EXT 2020"]
[Source "ChessBase"]
[SourceDate "2019.10.17"]
[SourceVersion "1"]
[SourceVersionDate "2019.10.17"]
[SourceQuality "1"]
[WhiteTeam "Marten Boevinghausen"]
[BlackTeam "Mengede SG"]
[WhiteTeamCountry "GER"]
[BlackTeamCountry "GER"]

1. b3 e5 2. Bb2 Nc6 3. e3 d5 4. Bb5 Bd6 5. Ne2 Nge7 6. 0-0 0-0 7. Bxc6 Nxc6 8. f4 Bg4 9. h3 Bxe2 10. Qxe2 a6 11. fxe5 Bxe5 12. Bxe5 Nxe5 13. Qf2 Qd7 14. Nc3 f5 15. Ne2 Rae8 16. Nd4 g6 17. Nf3 Qe7 18. Nxe5 Qxe5 19. c3 c6 20. b4 Qe4 21. Rac1 Qd3 22. g3 Re4 23. Qg2 Kg7 24. a3 g5 25. Rf2 Kg6 26. Qf1 Qxf1+ 27. Rcxf1 h5 28. Kg2 Rf7 29. Rf3 Rc4 30. Rc1 h4 31. d3 g4 32. dxc4 gxf3+ 33. Kxf3 hxg3 34. c5 Rh7 35. Rg1 Rh4 36. Rxg3+ Kf6 37. Ke2 Rc4 38. Kd3 Rh4 39. Rf3 Ke5 40. Rg3 Rh7 41. a4 Kf6 42. a5 Rh4 43. Rf3 Ke5 44. Rg3 Kf6 45. Kd2 Rh8 1/2-1/2

[Event "Ruhrgebiet VK2 1112"]
[Site "Nordrheinwestfalen"]
[Date "2011.09.18"]
[Round "1.3"]
[White "Schulte, Eduard"]
[Black "Arnold, Ulrich"]
[Result "0-1"]
[WhiteElo "1864"]
[BlackElo "1847"]
[PlyCount "90"]
[EventDate "2012.09.18"]
[EventType "team-tourn"]
[EventRounds "9"]
[EventCountry "GER"]
[SourceTitle "EXT 2020"]
[Source "ChessBase"]
[SourceDate "2019.10.17"]
[SourceVersion "1"]
[SourceVersionDate "2019.10.17"]
[SourceQuality "1"]
[WhiteTeam "Marten Boevinghausen"]
[BlackTeam "Drewer SG"]
[WhiteTeamCountry "GER"]
[BlackTeamCountry "GER"]

1. b3 e5 2. Bb2 Nc6 3. e3 d5 4. Bb5 Bd6 5. Ne2 Nf6 6. 0-0 0-0 7. f4 Qe7 8. Bxc6 bxc6 9. f5 Ba6 10. h3 d4 11. c4 c5 12. Qe1 Bb7 13. Ng3 Ne4 14. d3 Nxg3 15. Qxg3 e4 16. Qg4 exd3 17. exd4 Qe3+ 18. Kh1 h5 19. Qh4 Qe2 20. Qf2 Bg3 21. Qxg3 Qxf1+ 22. Kh2 Qxf5 23. d5 f6 24. Nd2 Rae8 25. Qxc7 Re2 26. Qxb7 Qf4+ 27. Kh1 Qg3 28. Rg1 Rxd2 29. Bc3 Re2 30. Qxa7 d2 31. Bxd2 Rxd2 32. Qxc5 Re8 33. b4 Rxg2 34. Rxg2 Re1+ 35. Qg1 Qxh3+ 36. Rh2 Rxg1+ 37. Kxg1 Qe3+ 38. Kf1 Qd3+ 39. Ke1 Qg3+ 40. Rf2 Qc3+ 41. Rd2 Qc1+ 42. Rd1 Qxc4 43. d6 Qxb4+ 44. Rd2 Kf7 45. d7 Qxd2+ 0-1

[Event "Ruhrgebiet VK3 0910"]
[Site "Ruhrgebiet"]
[Date "2009.11.08"]
[Round "3.4"]
[White "Schulte, Eduard"]
[Black "Schriewer, Thomas"]
[Result "0-1"]
[WhiteElo "1829"]
[BlackElo "2018"]
[PlyCount "72"]
[EventDate "2009.09.06"]
[EventType "team"]
[EventRounds "9"]
[EventCountry "GER"]
[SourceTitle "EXT 2011"]
[Source "ChessBase"]
[SourceDate "2010.11.26"]
[SourceVersion "1"]
[SourceVersionDate "2010.11.26"]
[SourceQuality "1"]
[WhiteTeam "Marten Boevinghausen"]
[BlackTeam "Herne Sodingen II"]
[WhiteTeamCountry "GER"]
[BlackTeamCountry "GER"]

1. b3 d5 2. Bb2 Nf6 3. e3 c6 4. f4 Bg4 5. Be2 Bxe2 6. Qxe2 Nbd7 7. Nf3 e6 8. 0-0 Bd6 9. Ne5 0-0 10. d3 Qc7 11. Nxd7 Nxd7 12. Qg4 e5 13. f5 f6 14. e4 a5 15. Nd2 a4 16. Kh1 Ra7 17. Qe2 Rfa8 18. g4 axb3 19. axb3 Rxa1 20. Rxa1 Rxa1+ 21. Bxa1 Qa5 22. Qd1 Bb4 23. Nf3 dxe4 24. dxe4 Nc5 25. c3 Bxc3 26. Bxc3 Qxc3 27. Qd8+ Kf7 28. Nd2 Qd4 29. Qc7+ Qd7 30. Qa5 b5 31. Qc3 Qd4 32. Qc2 b4 33. Kg2 Nd3 34. Qxc6 Nf4+ 35. Kf1 Qd3+ 36. Kg1 Qe3+ 0-1

[Event "Ruhrgebiet VK3 0001"]
[Site "Ruhrgebiet"]
[Date "2001.02.18"]
[Round "8"]
[White "Schulte, Eduard"]
[Black "Schlawin, Marlon"]
[Result "1-0"]
[WhiteElo "1876"]
[BlackElo "2088"]
[PlyCount "81"]
[EventDate "2000.09.17"]
[EventType "team-tourn"]
[EventRounds "9"]
[EventCountry "GER"]
[SourceTitle "EXT 2023"]
[Source "ChessBase"]
[SourceDate "2022.10.05"]
[SourceVersion "1"]
[SourceVersionDate "2022.10.05"]
[SourceQuality "1"]
[WhiteTeam "Marten Boevinghausen"]
[BlackTeam "Bochum SG III"]
[WhiteTeamCountry "GER"]
[BlackTeamCountry "GER"]

1. b3 e5 2. Bb2 d6 3. e3 f5 4. f4 Nd7 5. Nf3 Qe7 6. fxe5 dxe5 7. Bc4 g6 8. Nc3 c6 9. e4 Bg7 10. Qe2 Nb6 11. Bd3 f4 12. a4 a5 13. Qf2 Qc7 14. Ne2 Nh6 15. h3 0-0 16. Ba3 Re8 17. Bc5 Nd7 18. Bc4+ Kh8 19. Ba3 Nb6 20. 0-0 Nxc4 21. bxc4 Nf7 22. Bc5 Be6 23. d3 g5 24. Nc1 h5 25. Nd2 Bf6 26. Bb6 Qd7 27. Ndb3 Be7 28. Nc5 Bxc5 29. Bxc5 g4 30. Qh4 Kg7 31. Nb3 gxh3 32. g3 Rg8 33. gxf4 Kh6+ 34. Kh1 Rg4 35. Qf6+ Rg6 36. Qh4 Rg4 37. Qf2 Rag8 38. f5 Bxf5 39. Qxf5 Qxf5 40. Rxf5 Ng5 41. Be3 1-0

[Event "Ruhrgebiet VK3 0001"]
[Site "Ruhrgebiet"]
[Date "2000.11.19"]
[Round "3"]
[White "Pukropski, Aribert"]
[Black "Schulte, Eduard"]
[Result "1-0"]
[WhiteElo "1893"]
[BlackElo "1876"]
[PlyCount "79"]
[EventDate "2000.09.17"]
[EventType "team-tourn"]
[EventRounds "9"]
[EventCountry "GER"]
[SourceTitle "EXT 2023"]
[Source "ChessBase"]
[SourceDate "2022.10.05"]
[SourceVersion "1"]
[SourceVersionDate "2022.10.05"]
[SourceQuality "1"]
[WhiteTeam "Drewer SG"]
[BlackTeam "Marten Boevinghausen"]
[WhiteTeamCountry "GER"]
[BlackTeamCountry "GER"]

1. Nf3 d5 2. c4 c6 3. d4 e6 4. Nc3 dxc4 5. a4 Bb4 6. e3 b5 7. Bd2 a5 8. axb5 Bxc3 9. Bxc3 cxb5 10. b3 Bb7 11. bxc4 b4 12. Bb2 f5 13. d5 Nf6 14. Qa4+ Qd7 15. dxe6 Qxa4 16. Rxa4 Bc6 17. Ra1 Bxf3 18. Bxf6 gxf6 19. gxf3 Ke7 20. c5 Rc8 21. Bc4 Rxc5 22. Ba2 Nc6 23. Rg1 Kf8 24. Bb3 a4 25. Rxa4 Rxa4 26. Rg8+ Kxg8 27. e7+ Kg7 28. e8Q Ra1+ 29. Kd2 Ne5 30. Qe7+ Kg6 31. Qxc5 Nxf3+ 32. Ke2 Ng1+ 33. Kd3 Nf3 34. Qxb4 Ne5+ 35. Ke2 Rh1 36. Qf4 Ng4 37. Bc2 Nh6 38. Qg3+ Kf7 39. Bb3+ Kf8 40. Qb8+ 1-0

[Event "Ruhrgebiet VK3 0001"]
[Site "Ruhrgebiet"]
[Date "2000.10.15"]
[Round "2"]
[White "Schulte, Eduard"]
[Black "Deleyn, Gunter"]
[Result "0-1"]
[WhiteElo "1876"]
[BlackElo "2209"]
[PlyCount "124"]
[EventDate "2000.09.17"]
[EventType "team-tourn"]
[EventRounds "9"]
[EventCountry "GER"]
[SourceTitle "EXT 2023"]
[Source "ChessBase"]
[SourceDate "2022.10.05"]
[SourceVersion "1"]
[SourceVersionDate "2022.10.05"]
[SourceQuality "1"]
[WhiteTeam "Marten Boevinghausen"]
[BlackTeam "Castrop Rauxel III"]
[WhiteTeamCountry "GER"]
[BlackTeamCountry "GER"]

1. b3 Nf6 2. Bb2 e6 3. e3 c5 4. f4 b6 5. Nf3 Bb7 6. Nc3 Be7 7. Bd3 Nc6 8. 0-0 a6 9. Ne4 Nb4 10. Nxf6+ Bxf6 11. Bxf6 Qxf6 12. Be2 0-0 13. a3 Nc6 14. Ng5 h6 15. Ne4 Qe7 16. Bf3 d5 17. Ng3 Rad8 18. e4 Nd4 19. exd5 Nxf3+ 20. Qxf3 Rxd5 21. Qe3 Qh4 22. Rae1 Rfd8 23. d3 Qg4 24. a4 h5 25. Qe2 Qxe2 26. Rxe2 g6 27. Ne4 Kg7 28. h4 Rd4 29. Nc3 Rc8 30. g3 Rc7 31. Kf2 Bc8 32. Rfe1 Bd7 33. Ra1 b5 34. axb5 axb5 35. Ra5 c4 36. dxc4 bxc4 37. b4 Rb7 38. Ke3 Rd6 39. b5 Rdb6 40. Kd4 Bxb5 41. Rxb5 Rxb5 42. Nxb5 Rxb5 43. Kxc4 Rb2 44. Kc3 Rb1 45. Rd2 Kf6 46. Rd3 Rb7 47. Kc4 Rc7+ 48. Kb3 Rb7+ 49. Kc4 Rc7+ 50. Kb3 Kf5 51. c4 f6 52. Kb4 e5 53. fxe5 fxe5 54. c5 e4 55. Rd5+ Kg4 56. Rg5+ Kf3 57. Rxg6 Re7 58. Rf6+ Kg2 59. c6 e3 60. c7 e2 61. c8Q e1Q+ 62. Kb5 Qe5+ 0-1

[Event "Ruhrgebiet VK3 0001"]
[Site "Ruhrgebiet"]
[Date "2000.09.17"]
[Round "1"]
[White "Schulte, Eduard"]
[Black "Hortolani, Sven Holger"]
[Result "1/2-1/2"]
[WhiteElo "1876"]
[BlackElo "2005"]
[PlyCount "62"]
[EventDate "2000.09.17"]
[EventType "team-tourn"]
[EventRounds "9"]
[EventCountry "GER"]
[SourceTitle "EXT 2023"]
[Source "ChessBase"]
[SourceDate "2022.10.05"]
[SourceVersion "1"]
[SourceVersionDate "2022.10.05"]
[SourceQuality "1"]
[WhiteTeam "Marten Boevinghausen"]
[BlackTeam "Muelheim Nord III"]
[WhiteTeamCountry "GER"]
[BlackTeamCountry "GER"]

1. b3 Nf6 2. Bb2 g6 3. e3 Bg7 4. f4 d6 5. Nf3 0-0 6. Be2 e5 7. fxe5 Ng4 8. 0-0 Nc6 9. h3 Ngxe5 10. Nxe5 Nxe5 11. Nc3 Bd7 12. Bf3 Nxf3+ 13. Qxf3 Bc6 14. Qf2 Qg5 15. Nd1 Rae8 16. Bxg7 Kxg7 17. Nc3 f5 18. g3 Be4 19. Rac1 a6 20. a4 c5 21. Kh2 Bc6 22. Rce1 b5 23. axb5 axb5 24. Ra1 Ra8 25. Ne2 Qf6 26. Rxa8 Rxa8 27. g4 Qe5+ 28. Ng3 fxg4 29. Qf7+ Kh8 30. hxg4 Qd5 31. Qxd5 Bxd5 1/2-1/2